Using earned value (Record no. 103092)

MARC details
000 -LEADER
fixed length control field 01254cam a2200253 4500
008 - FIXED-LENGTH DATA ELEMENTS--GENERAL INFORMATION
fixed length control field 030922n2003 000 0 eng u
020 ## - INTERNATIONAL STANDARD BOOK NUMBER
International Standard Book Number 056608533X
035 ## - SYSTEM CONTROL NUMBER
System control number (Sirsi) u123683
041 ## - LANGUAGE CODE
Language code of text/sound track or separate title eng
050 ## - LIBRARY OF CONGRESS CALL NUMBER
Classification number 658.1552
-- 21
100 ## - MAIN ENTRY--PERSONAL NAME
Personal name Webb, Alan
245 ## - TITLE STATEMENT
Title Using earned value
Remainder of title a project managers guide
260 ## - PUBLICATION, DISTRIBUTION, ETC.
Place of publication, distribution, etc. Aldershot
Name of publisher, distributor, etc. Gower
Date of publication, distribution, etc. 2003
300 ## - PHYSICAL DESCRIPTION
Extent xvi, 130p.
Dimensions 25cm.
350 ## - PRICE (NR) (BK AM CF MU VM SE) [OBSOLETE]
Price 49.50
520 ## - SUMMARY, ETC.
Summary, etc. Earned value gives project managers a more precise view of actual project performance in terms of value generated and schedule progress. This concise guide for project managers explains the appropriateness and benefits of the earned value process; the techniques involved; applying the data to manage projects; the different features and benefits of the various software packages available; and planning for the introduction of an earned value methodology. Appendices include terms used within earned value methods, earned value management systems criteria, and formulae used for earned value calculations.
650 ## - SUBJECT ADDED ENTRY--TOPICAL TERM
Topical term or geographic name entry element COST CONTROL
650 ## - SUBJECT ADDED ENTRY--TOPICAL TERM
Topical term or geographic name entry element VALUE MANAGEMENT
650 ## - SUBJECT ADDED ENTRY--TOPICAL TERM
Topical term or geographic name entry element PROJECT MANAGERS
650 ## - SUBJECT ADDED ENTRY--TOPICAL TERM
Topical term or geographic name entry element PERFORMANCE MEASUREMENT
650 ## - SUBJECT ADDED ENTRY--TOPICAL TERM
Topical term or geographic name entry element PROJECT PERFORMANCE
690 ## - LOCAL SUBJECT ADDED ENTRY--TOPICAL TERM (OCLC, RLIN)
Topical term or geographic name as entry element Project management
9 (RLIN) 6261
942 ## - ADDED ENTRY ELEMENTS (KOHA)
Suppress in OPAC 0
Holdings
Withdrawn status Lost status Source of classification or shelving scheme Damaged status Not for loan Home library Current library Shelving location Date acquired Cost, normal purchase price Total Checkouts Full call number Barcode Date last seen Date last checked out Copy number Cost, replacement price Price effective from Koha item type
    Other/Generic Classification Scheme     London London Books 07/10/2003 49.50 24 658.1552 WEB 30067821 06/08/2019 04/01/2010 1 49.50 06/08/2019 Book